| 000 | 00471nam a2200169Ia 4500 | ||
|---|---|---|---|
| 008 | 220204s9999 xx 000 0 und d | ||
| 082 |
_a575:631.527 _bBOS |
||
| 100 | _aBos, Izak | ||
| 245 | 0 | _aSelection methods in plant breeding | |
| 260 |
_aLondon _bChapman & Hall _c1995 |
||
| 650 | _aGenetic variance | ||
| 650 | _aGenotype X environment interaction | ||
| 650 | _aInbreeding | ||
| 650 | _aQuantitative genetic theory | ||
| 700 | _aCaligari, Peter | ||
| 942 | _cBK | ||
| 999 |
_c41029 _d41029 |
||